[Event "Sparkassen-Open J"]
[Site "Heusenstamm, Martinsee"]
[Date "2018.11.23"]
[Round "1.2"]
[White "Moldenhauer, Nils"]
[Black "Pessotschinski, Lars"]
[Result "1/2-1/2"]
[WhiteElo "1019"]
[BlackElo "1563"]
[PlyCount "103"]
[EventDate "2018.??.??"]
[WhiteTeam "SV Oberursel"]
[BlackTeam "TuS Makkabi"]

1. e4 c5 2. Nf3 d6 3. d4 cxd4 4. Nxd4 Nf6 5. Nc3 g6 6. Bc4 Bg7 7. Bf4 e5 8.
Nde2 exf4 9. Nxf4 O-O 10. O-O Nc6 11. h3 Ne5 12. Bb5 Qb6 13. Rb1 Be6 14. Bd3
Nxd3 15. Qxd3 Rfe8 16. Rfe1 Rad8 17. Nfe2 d5 18. e5 Bf5 19. Qg3 Ne4 20. Nxe4
dxe4 21. Nc3 Bxe5 22. Qh4 Bxc3 23. bxc3 Qc6 24. Qg3 Qd6 25. Qe3 Qd2 26. Rxb7
Qxe3 27. Rxe3 Rd7 28. Rb4 Rc8 29. Ra4 Rdc7 30. Ra3 Kg7 31. Kh2 Kf6 32. Kg3 Kg5
33. f3 exf3 34. Kxf3 Bxc2 35. Kg3 f5 36. h4+ Kf6 37. Kf4 Rc4+ 38. Kg3 Rg4+ 39.
Kh3 f4 40. Rf3 Kf5 41. Ra5+ Kf6 42. Kxg4 Bd1 43. Kxf4 Bxf3 44. Kxf3 Rxc3+ 45.
Kf4 Rc4+ 46. Kf3 Rxh4 47. Rxa7 Rh1 48. a4 Ra1 49. Rxh7 Rxa4 50. g4 Kg5 51. Rg7
Rxg4 52. Rxg6+ 1/2-1/2

[Event "Sparkassen-Open J"]
[Site "Heusenstamm, Martinsee"]
[Date "2018.11.23"]
[Round "1.3"]
[White "Schweizer, Michael"]
[Black "Vick, Edward"]
[Result "1-0"]
[WhiteElo "1498"]
[BlackElo "994"]
[PlyCount "57"]
[EventDate "2018.??.??"]
[WhiteTeam "TuS Makkabi"]
[BlackTeam "TuS Makkabi Wiesbaden"]

1. e4 e5 2. Nf3 Nc6 3. d4 exd4 4. Bc4 Nf6 5. Ng5 d5 6. exd5 Nxd5 7. Qf3 Be6 8.
O-O Be7 9. Nxe6 fxe6 10. Qg4 Qd6 11. Qxg7 O-O-O 12. Re1 Bf6 13. Qg4 Rde8 14.
Bh6 Ne5 15. Qh5 Nxc4 16. b3 Ne5 17. Nd2 Nc3 18. Bf4 Nf3+ 19. Qxf3 e5 20. Nc4
Qc5 21. Qh5 Rhg8 22. Bxe5 Qc6 23. Qh3+ Kb8 24. Bxf6 Rxe1+ 25. Rxe1 Qxf6 26. Qd7
Rc8 27. Re8 Ne2+ 28. Kf1 Ng3+ 29. hxg3 1-0

[Event "Sparkassen-Open J"]
[Site "Heusenstamm, Martinsee"]
[Date "2018.11.23"]
[Round "1.4"]
[White "von Knorre, Christoph"]
[Black "Althaus, Lennart"]
[Result "0-1"]
[WhiteElo "970"]
[BlackElo "1488"]
[PlyCount "136"]
[EventDate "2018.??.??"]
[WhiteTeam "VSG Offenbach"]
[BlackTeam "TV-GroÃŸostheim"]

1. e4 c5 2. Nf3 d6 3. Bc4 e6 4. Nc3 Nf6 5. d3 a6 6. Bg5 Be7 7. Qd2 b5 8. Bb3
Bb7 9. Bxf6 Bxf6 10. O-O Nd7 11. Rfe1 Rc8 12. a3 O-O 13. Re2 Nb6 14. Rae1 c4
15. dxc4 Nxc4 16. Bxc4 Rxc4 17. e5 dxe5 18. Qxd8 Rxd8 19. Nxe5 Rcc8 20. h3 h6
21. Kh1 Kf8 22. f4 Rd4 23. Rf1 Rcd8 24. Kh2 Rd2 25. Rxd2 Rxd2 26. Rg1 Bxe5 27.
fxe5 Rxc2 28. Kg3 Rxb2 29. Rd1 Rxg2+ 30. Kf4 g5+ 31. Ke3 Rg3+ 32. Kd2 Rxh3 33.
Kc2 Ke7 34. a4 Rh2+ 35. Kd3 Bc6 36. axb5 Bxb5+ 37. Nxb5 axb5 38. Rb1 Rh3+ 39.
Kd4 Rh4+ 40. Kd3 b4 41. Kc2 Kf8 42. Kd2 Kg7 43. Ke2 Re4+ 44. Kf2 Rxe5 45. Rxb4
Rd5 46. Rb8 Rd7 47. Kg3 f5 48. Rb1 Kg6 49. Rb8 Re7 50. Rg8+ Kh5 51. Rd8 e5 52.
Rd1 f4+ 53. Kg2 e4 54. Re1 e3 55. Kf1 f3 56. Kg1 f2+ 57. Kf1 fxe1=Q+ 58. Kxe1
Kg4 59. Ke2 Kg3 60. Ke1 e2 61. Kd2 e1=Q+ 62. Kc2 Rc7+ 63. Kd3 Rc3+ 64. Kd4 Qe3+
65. Kd5 Rc5+ 66. Kd6 Qe5+ 67. Kd7 Rc7+ 68. Kd8 Qe7# 0-1

[Event "Sparkassen-Open J"]
[Site "Heusenstamm, Martinsee"]
[Date "2018.11.23"]
[Round "1.5"]
[White "Bauer, Laura Sophie"]
[Black "Hentschker, Merlin"]
[Result "1-0"]
[WhiteElo "1366"]
[BlackElo "959"]
[PlyCount "63"]
[EventDate "2018.??.??"]
[WhiteTeam "SC Postbauer-Heng"]
[BlackTeam "VSG Offenbach"]

1. d4 d5 2. Nf3 Nc6 3. Nc3 Nf6 4. e3 a6 5. Bd3 Bg4 6. h3 Bh5 7. Bd2 e6 8. e4
dxe4 9. Nxe4 Nxe4 10. Bxe4 Bxf3 11. Qxf3 Nxd4 12. Qd1 Bc5 13. c3 e5 14. cxd4
exd4 15. Bc1 O-O 16. O-O Re8 17. Qg4 Qf6 18. Bg5 Qe5 19. Bh6 g6 20. f3 d3+ 21.
Kh1 Bd6 22. g3 Kh8 23. Bxd3 Qxb2 24. Rfb1 Qc3 25. Qg5 f6 26. Rb3 Qxa1+ 27. Rb1
Qxb1+ 28. Bxb1 fxg5 29. Bc2 Re7 30. Bxg5 Re2 31. Bb3 Rae8 32. Bf6# 1-0

[Event "Sparkassen-Open J"]
[Site "Heusenstamm, Martinsee"]
[Date "2018.11.23"]
[Round "1.6"]
[White "Kautz, Christopher"]
[Black "Willand, Mattis"]
[Result "1-0"]
[WhiteElo "958"]
[BlackElo "1312"]
[PlyCount "135"]
[EventDate "2018.??.??"]
[WhiteTeam "SK GrÃ¼ndau"]
[BlackTeam "SC FK Babenhausen"]

1. e4 c5 2. Nf3 Nc6 3. Bc4 g6 4. Ng5 e6 5. d3 Bg7 6. c3 Nf6 7. Qe2 O-O 8. h4 d5
9. Bb3 b6 10. g4 dxe4 11. Nxe4 Ne5 12. Nxf6+ Bxf6 13. Bc2 Ba6 14. c4 Bb7 15.
Rh3 Qd6 16. f4 Nc6 17. h5 Nd4 18. Qd1 e5 19. f5 g5 20. Nc3 h6 21. Ne4 Qe7 22.
Nxf6+ Qxf6 23. Re3 Rfe8 24. Bd2 Re7 25. Bc3 Rae8 26. b4 e4 27. Ba4 exd3 28.
Rxe7 Qxe7+ 29. Kf1 Qe4 30. Bxe8 Qg2+ 31. Ke1 Nc2+ 32. Qxc2 dxc2 33. Rc1 Qe4+
34. Kd2 Qxe8 35. Kxc2 Qe4+ 36. Kb3 Bc6 37. b5 Bb7 38. Re1 Qxe1 39. Bxe1 Bf3 40.
Bf2 Bxg4 41. a4 Bxf5 42. a5 Be4 43. axb6 axb6 44. Bg3 f5 45. Bc7 f4 46. Bxb6 f3
47. Bxc5 Kf7 48. Bf2 Ke6 49. Kc3 Ke5 50. Kd2 Kf4 51. c5 Bb7 52. c6 Bc8 53. b6
Ba6 54. b7 g4 55. b8=Q+ Ke4 56. Qb4+ Bc4 57. Qxc4+ Kf5 58. Qd5+ Kf4 59. Qd6+
Ke4 60. Qxh6 g3 61. Qe3+ Kd5 62. Qd4+ Ke6 63. c7 gxf2 64. Qxf2 Kd7 65. Qc5 Kc8
66. Ke3 f2 67. Kxf2 Kb7 68. c8=Q# 1-0

[Event "Sparkassen-Open J"]
[Site "Heusenstamm, Martinsee"]
[Date "2018.11.23"]
[Round "1.7"]
[White "Bangiev, Anton"]
[Black "Riemann, Adrian"]
[Result "0-1"]
[WhiteElo "1264"]
[BlackElo "933"]
[PlyCount "52"]
[EventDate "2018.??.??"]
[WhiteTeam "Sz Bemerode"]
[BlackTeam "SK Bickenbach"]

1. d4 e6 2. Nf3 d5 3. e3 Nf6 4. Bd3 c5 5. b3 Nc6 6. Bb2 Qb6 7. Nbd2 Be7 8. Rb1
O-O 9. O-O Nb4 10. a3 Nxd3 11. cxd3 Qc7 12. e4 b6 13. Qc2 Ba6 14. dxc5 bxc5 15.
b4 dxe4 16. Bxf6 exd3 17. Qc1 Bxf6 18. b5 Bc8 19. Ne4 Be7 20. Nd4 Bb7 21. Nd2
Rfd8 22. N4b3 Qb6 23. Na1 Rd4 24. Qc3 Bf6 25. f3 Rf4 26. Qxd3 c4+ 0-1

[Event "Sparkassen-Open J"]
[Site "Heusenstamm, Martinsee"]
[Date "2018.11.23"]
[Round "1.8"]
[White "Grebe, Sabrina"]
[Black "Yang, Marco"]
[Result "0-1"]
[WhiteElo "901"]
[BlackElo "1278"]
[PlyCount "132"]
[EventDate "2018.??.??"]
[WhiteTeam "SC Heusenstamm"]
[BlackTeam "SK Mannheim-Lindenhof"]

1. e4 c5 2. Nf3 d6 3. Nc3 Nf6 4. d3 g6 5. h3 Bg7 6. Be2 O-O 7. O-O Nc6 8. Be3
Qb6 9. Rb1 Rd8 10. d4 cxd4 11. Nxd4 Qc7 12. Qd2 d5 13. Bf3 dxe4 14. Nxe4 Nxe4
15. Bxe4 Nxd4 16. Bxd4 Rxd4 17. Qe3 Qb6 18. c3 Rd6 19. Qf3 Rf6 20. Qe2 Qe6 21.
a3 Rf4 22. f3 Rf5 23. Rbd1 Qb6+ 24. Kh1 Re5 25. Rd2 f5 26. Bd5+ Re6 27. Bxe6+
Bxe6 28. Re1 Bf7 29. Qxe7 Re8 30. Qh4 Qc6 31. Rxe8+ Qxe8 32. Qf2 Bh6 33. Re2
Qa4 34. Re7 Qd1+ 35. Re1 Qa4 36. g4 fxg4 37. hxg4 Qd7 38. Qxa7 Qd2 39. Qb8+ Bf8
40. Rb1 Kg7 41. Qxb7 Bd6 42. Kg1 Qh2+ 43. Kf1 Bc5 44. Ke1 Qg1+ 45. Kd2 Qxb1 46.
Qb5 Qg1 47. b4 Qe3+ 48. Kc2 Qf2+ 49. Kd3 Qf1+ 50. Ke4 Qxb5 51. bxc5 Qxc5 52.
Kd3 Qxa3 53. g5 h6 54. gxh6+ Kxh6 55. f4 Qd6+ 56. Kc2 Qxf4 57. Kd3 Qc4+ 58. Kc2
g5 59. Kd2 Bg6 60. Ke3 Qxc3+ 61. Kf2 Qd3 62. Kg2 Kh5 63. Kh2 Qf3 64. Kg1 Qe2
65. Kh1 Be4+ 66. Kg1 Qg2# 0-1

[Event "Sparkassen-Open J"]
[Site "Heusenstamm, Martinsee"]
[Date "2018.11.23"]
[Round "1.9"]
[White "Meng, Yuxuan"]
[Black "Fischer, Juliane"]
[Result "1-0"]
[WhiteElo "1274"]
[BlackElo "874"]
[PlyCount "103"]
[EventDate "2018.??.??"]
[WhiteTeam "SV Walldorf"]
[BlackTeam "SK Gernsheim"]

1. d4 d5 2. c4 e6 3. Nc3 Nf6 4. Bg5 Nbd7 5. e4 c6 6. e5 Be7 7. exf6 Bxf6 8.
Bxf6 Nxf6 9. Nf3 O-O 10. Bd3 b6 11. Qc2 Ba6 12. Ng5 g6 13. cxd5 Bxd3 14. Qxd3
Nxd5 15. h4 Nf4 16. Qe4 Nd5 17. Qf3 Qe7 18. O-O-O a5 19. Qg3 b5 20. Nxd5 exd5
21. Rde1 Qb4 22. h5 Qc4+ 23. Kb1 Qxd4 24. hxg6 fxg6 25. Nxh7 Rxf2 26. Qxg6+ Qg7
27. Re8+ Rf8 28. Qxg7+ Kxg7 29. Rxf8 Rxf8 30. Nxf8 Kxf8 31. Rh6 c5 32. Rh5 d4
33. Rxc5 d3 34. Rxb5 d2 35. Kc2 a4 36. Kxd2 Ke7 37. Rb6 Kd7 38. Kd3 Kc7 39. Rh6
a3 40. bxa3 Kd7 41. Kc4 Kc7 42. Kd5 Kb7 43. Kc5 Ka7 44. Kb5 Kb7 45. Rh7+ Kc8
46. Kc6 Kd8 47. Ra7 Ke8 48. Kd6 Kf8 49. Ke6 Kg8 50. Kf6 Kh8 51. Kg6 Kg8 52.
Ra8# 1-0

[Event "Sparkassen-Open J"]
[Site "Heusenstamm, Martinsee"]
[Date "2018.11.23"]
[Round "1.10"]
[White "Matsoukas, Konstantinos"]
[Black "Fuchs, Henrik"]
[Result "0-1"]
[WhiteElo "866"]
[BlackElo "1163"]
[PlyCount "130"]
[EventDate "2018.??.??"]
[WhiteTeam "Frankfurter TV"]
[BlackTeam "SC Bad Soden"]

1. e4 e5 2. Nf3 Nc6 3. Nc3 Nf6 4. d3 Be7 5. Be2 d6 6. O-O O-O 7. Be3 Be6 8. d4
exd4 9. Nxd4 Nxd4 10. Qxd4 c6 11. Bc4 c5 12. Qd3 a6 13. a4 Qa5 14. b3 Rfb8 15.
Bf4 Qd8 16. Rfd1 Bxc4 17. Qxc4 Qd7 18. e5 Ne8 19. exd6 Bxd6 20. Bxd6 Nxd6 21.
Qf4 Qf5 22. Qxd6 Qxc2 23. Rdc1 Qxb3 24. Qxc5 Rc8 25. Qd4 Rd8 26. Qe5 Rac8 27.
h3 f6 28. Qg3 Qc4 29. Na2 Qxa4 30. Rxc8 Rxc8 31. Qf3 Rc2 32. Qd5+ Kf8 33. g3 b5
34. Qd6+ Kf7 35. Qd7+ Kg6 36. Qd3+ Kf7 37. Qd5+ Kg6 38. g4 h6 39. Qh5+ Kh7 40.
Qf5+ Kg8 41. Qg6 Rxa2 42. Re1 Ra1 43. Rxa1 Qxa1+ 44. Kg2 Qe5 45. h4 a5 46. Qb1
b4 47. Qb3+ Kh8 48. Qc4 Qc3 49. Qd5 a4 50. f4 Qc2+ 51. Kg3 Qb3+ 52. Qf3 Qxf3+
53. Kxf3 b3 54. Ke3 b2 55. Kd2 b1=Q 56. g5 a3 57. gxf6 gxf6 58. Ke3 a2 59. Kd4
a1=Q+ 60. Kd5 Qd3+ 61. Ke6 Qe1+ 62. Kxf6 Qd8+ 63. Kf5 Qf8+ 64. Kg4 Qe3 65. h5
Qfxf4# 0-1

[Event "Sparkassen-Open J"]
[Site "Heusenstamm, Martinsee"]
[Date "2018.11.23"]
[Round "1.11"]
[White "Hentschker, Josefin"]
[Black "Spelleken, Mark"]
[Result "1-0"]
[WhiteElo "1162"]
[BlackElo "814"]
[PlyCount "47"]
[EventDate "2018.??.??"]
[WhiteTeam "VSG Offenbach"]
[BlackTeam "SC Kahl"]

1. e4 g6 2. Nf3 Bg7 3. Bc4 e5 4. Nc3 Ne7 5. d3 O-O 6. Bg5 Nbc6 7. O-O d6 8. h3
Bd7 9. Nd5 f6 10. Nxf6+ Kh8 11. Nd5 Qe8 12. Nxc7 Qc8 13. Nxa8 Nb4 14. Bxe7 Re8
15. Bxd6 b5 16. Nc7 bxc4 17. Nxe8 a5 18. Nxg7 Kxg7 19. Bxe5+ Kg8 20. dxc4 Qc5
21. Qxd7 Qf8 22. Ng5 Qh6 23. Qe6+ Kf8 24. Qf7# 1-0

[Event "Sparkassen-Open J"]
[Site "Heusenstamm, Martinsee"]
[Date "2018.11.23"]
[Round "1.12"]
[White "Culha, Merve"]
[Black "Rehbein, Vitus"]
[Result "0-1"]
[WhiteElo "812"]
[BlackElo "1159"]
[PlyCount "118"]
[EventDate "2018.??.??"]
[WhiteTeam "SC Heusenstamm"]
[BlackTeam "Sz Bemerode"]

1. e4 d6 2. d4 Nf6 3. Nc3 g6 4. Nf3 Bg7 5. Bc4 O-O 6. O-O Bg4 7. h3 Bh5 8. Bf4
Qd7 9. d5 a5 10. Be3 c6 11. e5 dxe5 12. Na4 e4 13. Nb6 Qf5 14. Be2 exf3 15.
Bxf3 Bxf3 16. Qxf3 Qxf3 17. gxf3 Ra6 18. Rfd1 cxd5 19. Nxd5 Nxd5 20. Rxd5 Rd6
21. Rxa5 Rfd8 22. Ra8 Nc6 23. Rxd8+ Rxd8 24. c3 Ne5 25. Kg2 Nc4 26. a4 Nxe3+
27. fxe3 Rd2+ 28. Kg3 Rxb2 29. c4 Rb4 30. Rd1 Rxc4 31. Rd8+ Bf8 32. Ra8 Kg7 33.
a5 Ra4 34. e4 e6 35. Kf4 Bb4 36. h4 Rxa5 37. Rxa5 Bxa5 38. Kg5 b5 39. h5 Bd2+
40. Kg4 b4 41. f4 gxh5+ 42. Kxh5 Bxf4 43. Kg4 b3 44. Kxf4 b2 45. e5 b1=Q 46.
Ke3 Qb4 47. Kf3 Qd4 48. Kg3 Qe4 49. Kh3 Qf3+ 50. Kh4 f5 51. exf6+ Qxf6+ 52. Kg3
Qf5 53. Kg2 Qf4 54. Kg1 Qd2 55. Kh1 Kg6 56. Kg1 Kg5 57. Kf1 Kg4 58. Kg1 Kg3 59.
Kf1 Qf2# 0-1

[Event "Sparkassen-Open J"]
[Site "Heusenstamm, Martinsee"]
[Date "2018.11.23"]
[Round "1.13"]
[White "Czinkota, Michael"]
[Black "Ninnemann, Patrick"]
[Result "1-0"]
[WhiteElo "1158"]
[BlackElo "799"]
[PlyCount "47"]
[EventDate "2018.??.??"]
[WhiteTeam "SC Bad Soden"]
[BlackTeam "Chess Tigers"]

1. e4 e5 2. Nf3 Nc6 3. Bc4 Bc5 4. c3 Nf6 5. d3 O-O 6. Nbd2 d6 7. Bb3 Bg4 8. h3
Bh5 9. Nf1 Bxf3 10. Qxf3 Re8 11. Ng3 h6 12. O-O Na5 13. Bc2 Re7 14. b4 Bb6 15.
bxa5 Bxa5 16. Nf5 Re8 17. Qg3 Nh5 18. Qg4 g6 19. Nxh6+ Kf8 20. Bb3 Bxc3 21.
Nxf7 Qe7 22. Bh6+ Ng7 23. Qxg6 Bxa1 24. Qxg7# 1-0

[Event "Sparkassen-Open J"]
[Site "Heusenstamm, Martinsee"]
[Date "2018.11.23"]
[Round "1.14"]
[White "Gruiosu, Paul Gabriel"]
[Black "Huang, Luca Hanson"]
[Result "0-1"]
[WhiteElo "793"]
[BlackElo "1141"]
[PlyCount "146"]
[EventDate "2018.??.??"]
[WhiteTeam "SG Trier"]
[BlackTeam "SK Mannheim-Lindenhof"]

1. e4 e5 2. Nf3 Nc6 3. Nc3 Nf6 4. Bc4 Nxe4 5. Nxe4 d5 6. Bxd5 Qxd5 7. Nc3 Qd8
8. d3 Bg4 9. h3 Bh5 10. g4 Bg6 11. Qe2 Bd6 12. Bd2 Qe7 13. O-O-O O-O-O 14. Rde1
Rhe8 15. a3 h5 16. Rhg1 Nd4 17. Nxd4 exd4 18. Ne4 hxg4 19. Qxg4+ Kb8 20. Bg5 f6
21. Bxf6 gxf6 22. Qxg6 Be5 23. Qg7 Qxg7 24. Rxg7 f5 25. Rg5 Bf4+ 26. Kd1 Bxg5
27. Nxg5 c5 28. Rh1 Re7 29. h4 Rd6 30. Nf3 Rh6 31. Ng5 Rh5 32. f4 Re3 33. Kd2
b5 34. c3 a5 35. Nf7 Rf3 36. Nd6 dxc3+ 37. Kxc3 b4+ 38. axb4 cxb4+ 39. Kc4
Rxf4+ 40. d4 Rhxh4 41. Rxh4 Rxh4 42. Nxf5 Rh5 43. Ne7 Kb7 44. d5 Kb6 45. d6 Kb7
46. Nd5 Kc6 47. Nf6 Rc5+ 48. Kb3 Rf5 49. d7 Kc7 50. Ne8+ Kxd7 51. Ng7 Rg5 52.
Ka4 Rxg7 53. Kxa5 Rg4 54. b3 Kc6 55. Ka4 Kc5 56. Ka5 Rg1 57. Ka6 Rf1 58. Ka5
Rg1 59. Ka6 Rf1 60. Kb7 Rf6 61. Ka7 Kb5 62. Kb7 Rf7+ 63. Kc8 Kb6 64. Kd8 Kc6
65. Ke8 Ra7 66. Kd8 Rh7 67. Ke8 Kd6 68. Kf8 Ke6 69. Kg8 Ra7 70. Kf8 Rb7 71. Kg8
Kf6 72. Kh8 Kg6 73. Kg8 Rb8# 0-1

[Event "Sparkassen-Open J"]
[Site "Heusenstamm, Martinsee"]
[Date "2018.11.23"]
[Round "1.15"]
[White "Kanno, Clara Yumi"]
[Black "Heuberger, Melanie"]
[Result "1-0"]
[WhiteElo "1140"]
[BlackElo "774"]
[PlyCount "27"]
[EventDate "2018.??.??"]
[WhiteTeam "SK Altenkirchen"]
[BlackTeam "SV RÃ¼dersdorf"]

1. e4 e5 2. Nf3 Nc6 3. Bc4 Bc5 4. c3 Nf6 5. d3 d6 6. Nbd2 Bg4 7. h3 Bxf3 8.
Nxf3 Qd7 9. Bg5 Nh5 10. Nh4 f6 11. Qxh5+ g6 12. Nxg6 hxg6 13. Qxh8+ Ke7 14.
Bxf6# 1-0

[Event "Sparkassen-Open J"]
[Site "Heusenstamm, Martinsee"]
[Date "2018.11.23"]
[Round "1.16"]
[White "Jelinek, Tim"]
[Black "Ã–zyar, Arin"]
[Result "0-1"]
[WhiteElo "773"]
[BlackElo "1134"]
[PlyCount "152"]
[EventDate "2018.??.??"]
[WhiteTeam "SC Kahl"]
[BlackTeam "SC Bad Soden"]

1. e4 e5 2. d3 Nc6 3. Nf3 Bc5 4. Nc3 d6 5. Na4 Bb6 6. Nxb6 axb6 7. Be2 Nf6 8.
O-O Be6 9. b3 O-O 10. Be3 Ra7 11. Qd2 Qa8 12. c4 Na5 13. Rab1 Nc6 14. Rb2 Ng4
15. Ng5 Nxe3 16. Qxe3 Rxa2 17. Rxa2 Qxa2 18. Nxe6 fxe6 19. Bg4 Nd4 20. b4 Rf6
21. f4 Nc2 22. Qh3 Nxb4 23. Bxe6+ Kf8 24. f5 Rh6 25. Qg3 Qd2 26. Rf2 Qe1+ 27.
Rf1 Qxg3 28. hxg3 Nxd3 29. Ra1 Nc5 30. Ra8+ Ke7 31. Rg8 g6 32. Rg7+ Kd8 33.
Rg8+ Ke7 34. Rg7+ Kf6 35. Rxc7 Nxe6 36. fxe6 Kxe6 37. Rxb7 g5 38. Rxb6 Rg6 39.
c5 Ke7 40. c6 Kd8 41. c7+ Kxc7 42. Ra6 h5 43. Ra7+ Kc6 44. Rh7 Kc5 45. Rxh5 Kd4
46. Rh8 Kxe4 47. Ra8 d5 48. Kf2 d4 49. Ra4 Kd3 50. Ra3+ Ke4 51. Ra4 Rb6 52. Ra1
Rb2+ 53. Kg1 Ke3 54. Kf1 d3 55. Re1+ Re2 56. Rc1 Rf2+ 57. Kg1 Ke2 58. Rc5 e4
59. Re5 e3 60. Rxg5 d2 61. Rd5 Rf1+ 62. Kh2 d1=Q 63. Rxd1 Kxd1 64. g4 e2 65.
Kh3 e1=Q 66. g3 Rh1+ 67. Kg2 Rg1+ 68. Kf3 Qxg3+ 69. Ke4 Qxg4+ 70. Kd5 Qf4 71.
Ke6 Rg5 72. Ke7 Qf5 73. Kd6 Qf6+ 74. Kd7 Rg7+ 75. Ke8 Qf7+ 76. Kd8 Qd7# 0-1

[Event "Sparkassen-Open J"]
[Site "Heusenstamm, Martinsee"]
[Date "2018.11.23"]
[Round "1.17"]
[White "Merz, Leander"]
[Black "Yang, Sophie"]
[Result "1-0"]
[WhiteElo "1114"]
[BlackElo "759"]
[PlyCount "23"]
[EventDate "2018.??.??"]
[WhiteTeam "Schachforum Darmstadt"]
[BlackTeam "SK Mannheim-Lindenhof"]

1. e4 e6 2. d4 d5 3. Nc3 Nc6 4. Nf3 Nf6 5. Bd3 Bd7 6. a3 Be7 7. Be3 O-O 8. Ng5
Ng4 9. Qxg4 h6 10. Nf3 dxe4 11. Qxe4 Bf6 12. Qh7# 1-0

[Event "Sparkassen-Open J"]
[Site "Heusenstamm, Martinsee"]
[Date "2018.11.23"]
[Round "1.18"]
[White "Milman, Sophie"]
[Black "Bangiev, Katharina"]
[Result "0-1"]
[WhiteElo "704"]
[BlackElo "1003"]
[PlyCount "82"]
[EventDate "2018.??.??"]
[WhiteTeam "SC Heusenstamm"]
[BlackTeam "Sz Bemerode"]

1. e4 d6 2. Nf3 Nf6 3. Nc3 g6 4. Bc4 Bg7 5. O-O O-O 6. d3 Nc6 7. Bg5 Re8 8. Qd2
Bg4 9. Nh4 Qd7 10. Bh6 Bh3 11. Bxg7 Kxg7 12. Nd5 Nxd5 13. Bxd5 Bxg2 14. Qc3+ e5
15. Nxg2 Nd4 16. Bxb7 Ne2+ 17. Kh1 Nxc3 18. bxc3 Rab8 19. Rab1 c6 20. Ba6 Rxb1
21. Rxb1 d5 22. Rb7 Qd6 23. Rxa7 dxe4 24. Ne1 exd3 25. cxd3 Rb8 26. Rb7 Rxb7
27. Bxb7 Qd5+ 28. Kg1 Qxa2 29. Bxc6 Qa1 30. Kf1 Qxc3 31. Bf3 Qd4 32. Nc2 Qxd3+
33. Be2 Qxc2 34. Ke1 f5 35. Bd1 Qc3+ 36. Kf1 e4 37. Ke2 f4 38. Kf1 f3 39. h4
Qd2 40. Ba4 Qc1+ 41. Bd1 Qxd1# 0-1

[Event "Sparkassen-Open J"]
[Site "Heusenstamm, Martinsee"]
[Date "2018.11.24"]
[Round "2.1"]
[White "Ã–zyar, Arin"]
[Black "Lorenz, Alexander"]
[Result "0-1"]
[WhiteElo "1134"]
[BlackElo "1748"]
[PlyCount "70"]
[EventDate "2018.??.??"]
[WhiteTeam "SC Bad Soden"]
[BlackTeam "SV Bergwinkel"]

1. d4 Nf6 2. c4 g6 3. Nc3 Bg7 4. e4 d6 5. Nf3 O-O 6. Bg5 c5 7. d5 Re8 8. Be2
Qb6 9. b3 Qb4 10. Bd2 Qb6 11. O-O a6 12. Qc2 Bg4 13. h3 Bxf3 14. Bxf3 Nbd7 15.
Rfe1 Ne5 16. Be2 e6 17. Bg5 h6 18. Bh4 g5 19. Bg3 exd5 20. exd5 Re7 21. f4 gxf4
22. Bxf4 Ng6 23. Bd2 Rae8 24. Bd3 Ne5 25. Bf5 Qc7 26. Re2 Nf3+ 27. Kf1 Rxe2 28.
Nxe2 Nh2+ 29. Kf2 Nfg4+ 30. hxg4 Bxa1 31. Bf4 Be5 32. Bxh2 Bxh2 33. g3 Qe7 34.
Nf4 Qe3+ 35. Kf1 Qg1# 0-1

[Event "Sparkassen-Open J"]
[Site "Heusenstamm, Martinsee"]
[Date "2018.11.24"]
[Round "2.2"]
[White "Bangiev, Katharina"]
[Black "Schweizer, Michael"]
[Result "0-1"]
[WhiteElo "1003"]
[BlackElo "1498"]
[PlyCount "96"]
[EventDate "2018.??.??"]
[WhiteTeam "Sz Bemerode"]
[BlackTeam "TuS Makkabi"]

1. e4 c6 2. d4 d5 3. Nc3 dxe4 4. Nxe4 Bf5 5. Ng3 Bg6 6. Nf3 Nf6 7. Bf4 Nd5 8.
Be3 e6 9. Bd3 Bb4+ 10. Nd2 Bxd3 11. cxd3 O-O 12. O-O Nd7 13. Nde4 N7b6 14. Qf3
Na4 15. b3 Nb2 16. Qe2 Ba3 17. Bc1 f5 18. Nc5 Bxc5 19. dxc5 Nxd3 20. Qxd3 Qa5
21. Qd4 Rad8 22. Qc4 Nc7 23. b4 Qa4 24. Rb1 a5 25. Bf4 Nd5 26. Bg5 Rd7 27. Rfd1
h6 28. Bf4 Rfd8 29. Bd6 axb4 30. Qb3 b5 31. Qb2 Nc3 32. Rd3 Nxb1 33. Qxb1 Ra8
34. Rd4 Qxa2 35. Qxb4 Ra4 36. Qc3 Qa1+ 37. Qxa1 Rxa1+ 38. Nf1 Ra4 39. Rd3 e5
40. Re3 e4 41. Bf4 Rd1 42. Be5 Rb4 43. Re1 Rxe1 44. Bc3 Rbb1 45. Bxe1 Rxe1 46.
g3 b4 47. Kg2 Rxf1 48. Kxf1 b3 0-1

[Event "Sparkassen-Open J"]
[Site "Heusenstamm, Martinsee"]
[Date "2018.11.24"]
[Round "2.3"]
[White "Althaus, Lennart"]
[Black "Merz, Leander"]
[Result "1-0"]
[WhiteElo "1488"]
[BlackElo "1114"]
[PlyCount "65"]
[EventDate "2018.??.??"]
[WhiteTeam "TV-GroÃŸostheim"]
[BlackTeam "Schachforum Darmstadt"]

1. c4 e5 2. Nc3 Nf6 3. g3 Nc6 4. Bg2 Bc5 5. e3 Bb6 6. Nge2 d6 7. a3 a6 8. d3
Bf5 9. O-O h6 10. b4 O-O 11. Bb2 Re8 12. d4 Qd7 13. Re1 Qe6 14. d5 Qd7 15. dxc6
bxc6 16. Rc1 Qe6 17. Bxc6 Qxc4 18. Nd5 Qg4 19. Nxf6+ gxf6 20. Nc3 Qg6 21. Nd5
Be6 22. Nxb6 cxb6 23. Bxa8 Rxa8 24. Qf3 Rb8 25. Rc6 d5 26. Rd1 Kg7 27. Bxe5
fxe5 28. Rxd5 Qb1+ 29. Rd1 Qb3 30. Qh5 Kh7 31. Rcd6 Qxa3 32. Rxe6 Qb3 33. Qxf7+
1-0

[Event "Sparkassen-Open J"]
[Site "Heusenstamm, Martinsee"]
[Date "2018.11.24"]
[Round "2.4"]
[White "GÃ¤rtner, Johannes"]
[Black "Bauer, Laura Sophie"]
[Result "0-1"]
[WhiteElo "1077"]
[BlackElo "1366"]
[PlyCount "58"]
[EventDate "2018.??.??"]
[WhiteTeam "SF Heidesheim"]
[BlackTeam "SC Postbauer-Heng"]

1. d4 f5 2. Bf4 e6 3. e3 Nf6 4. h3 g6 5. Nf3 Bg7 6. Bd3 O-O 7. Nbd2 d5 8. Qe2
Nc6 9. O-O-O Bd7 10. Rdg1 h5 11. Ne5 Be8 12. Bb5 a6 13. Bxc6 Bxc6 14. Nxg6 Re8
15. Be5 Bb5 16. Qd1 Qd7 17. Bxf6 Bxf6 18. Qxh5 Qc6 19. Nf4 e5 20. Qg6+ Kf8 21.
Nh5 Re6 22. Qxf5 e4 23. Nxf6 Rxf6 24. Qg4 Bd3 25. c3 Qa4 26. Qd1 Qxa2 27. Nb3
Qb1+ 28. Kd2 Qxb2+ 29. Ke1 Qxf2# 0-1

[Event "Sparkassen-Open J"]
[Site "Heusenstamm, Martinsee"]
[Date "2018.11.24"]
[Round "2.5"]
[White "Yang, Marco"]
[Black "Keller, Erik"]
[Result "1/2-1/2"]
[WhiteElo "1278"]
[BlackElo "1082"]
[PlyCount "79"]
[EventDate "2018.??.??"]
[WhiteTeam "SK Mannheim-Lindenhof"]
[BlackTeam "SC Heusenstamm"]

1. e4 e5 2. Nf3 Nf6 3. Nxe5 d6 4. Nf3 Nxe4 5. d3 Nf6 6. Nc3 Bg4 7. h3 Bh5 8.
Bg5 Be7 9. Be2 Nc6 10. O-O O-O 11. Nh2 Bxe2 12. Qxe2 h6 13. Bxf6 Bxf6 14. Qd2
Re8 15. Ne4 d5 16. Nxf6+ Qxf6 17. c3 d4 18. c4 Ne7 19. Ng4 Qd6 20. Rfe1 Ng6 21.
Re2 Rxe2 22. Qxe2 Qd7 23. Re1 Kf8 24. Ne5 Nxe5 25. Qxe5 Re8 26. Qxe8+ Qxe8 27.
Rxe8+ Kxe8 28. Kf1 Ke7 29. f4 f5 30. b4 b6 31. a4 c5 32. b5 g5 33. g3 gxf4 34.
gxf4 h5 35. h4 Kd7 36. Ke1 Kc7 37. Kd2 Kb7 38. Kc2 a6 39. bxa6+ Kxa6 40. Kb3
1/2-1/2

[Event "Sparkassen-Open J"]
[Site "Heusenstamm, Martinsee"]
[Date "2018.11.24"]
[Round "2.6"]
[White "Laux, Filip"]
[Black "Meng, Yuxuan"]
[Result "1-0"]
[WhiteElo "1053"]
[BlackElo "1274"]
[PlyCount "119"]
[EventDate "2018.??.??"]
[WhiteTeam "VSG Offenbach"]
[BlackTeam "SV Walldorf"]

1. e4 e5 2. Nf3 Nc6 3. Bc4 Nf6 4. d3 Bc5 5. c3 d6 6. O-O O-O 7. Nbd2 Be6 8. Bb3
Qd7 9. Bxe6 fxe6 10. Nb3 Bb6 11. Be3 d5 12. exd5 exd5 13. d4 e4 14. Ne5 Nxe5
15. dxe5 Ng4 16. Bd4 Rac8 17. Nc5 Bxc5 18. Bxc5 Rf7 19. Bd4 b6 20. h3 c5 21.
Qxg4 Qxg4 22. hxg4 cxd4 23. cxd4 Rc4 24. Rfd1 Rf4 25. Rac1 Rxc1 26. Rxc1 h6 27.
Rc8+ Rf8 28. Rxf8+ Kxf8 29. f3 exf3 30. gxf3 Ke7 31. Kf2 g6 32. Ke3 Kf7 33. f4
h5 34. gxh5 gxh5 35. Kf3 Ke6 36. Kg3 Kf7 37. Kh4 Kg6 38. e6 Kf6 39. Kxh5 Kxe6
40. Kg6 Ke7 41. f5 Kf8 42. Kf6 Ke8 43. Kg7 Ke7 44. f6+ Ke6 45. f7 Kf5 46. f8=Q+
Ke4 47. Qa8 Kxd4 48. Qxa7 Kc5 49. a3 d4 50. Qc7+ Kb5 51. Qd6 Kc4 52. Qb4+ Kd3
53. Kf6 Ke3 54. Qe1+ Kd3 55. Ke5 Kc2 56. Kxd4 Kxb2 57. Qc3+ Ka2 58. Qb4 Ka1 59.
Kc3 Ka2 60. Qb2# 1-0